000 00530nam a2200193Ia 4500
005 20250317124703.0
008 008 250317s9999 xx 000 0 eng d
020 _a81-7041-517-1
037 _aTextbook
040 _aFMSL
_beng
_cFMSL
041 _aeng
_2eng
084 _aX:8D.44 N1
_qFMSL
100 _aVij M
245 0 _aManagement f ficial institutions in India
260 _aNew Delhi
_bNew Delhi, Anmol
_c1991
300 _aviii,336
942 _cTB
_hX:8D.44 N1
999 _c1256543
_d1256543